Faculty of Law Library — Cairo University

Official Online Catalog

Contemporary Developments in the Definition and Punishment of Sex Offences : (Record no. 70981)

MARC details
000 -LEADER
fixed length control field 01170nam a2200277 i 4500
003 - CONTROL NUMBER IDENTIFIER
control field EG-GICUC
005 - DATE AND TIME OF LATEST TRANSACTION
control field 20260428182137.0
008 - FIXED-LENGTH DATA ELEMENTS--GENERAL INFORMATION
fixed length control field 260414s1978 xxx||||f |||| 10| 0 eng d
040 ## - CATALOGING SOURCE
Original cataloging agency EG-GiCUC
Transcribing agency EG-GiCUC
Language of cataloging eng
Modifying agency EG-GiCUC
Description conventions rda
082 ## - DEWEY DECIMAL CLASSIFICATION NUMBER
Edition number 21
Classification number 343
Item number CO . C
099 ## - LOCAL FREE-TEXT CALL NUMBER (OCLC)
Classification number Law1 10 343 CO . C 1978 1009152 C1
111 ## - MAIN ENTRY--MEETING NAME
Meeting name or jurisdiction name as entry element the international colloquium organized and hosted
Date of meeting or treaty signing (1978 :
Location of meeting stockholmmay)
245 10 - TITLE STATEMENT
Title Contemporary Developments in the Definition and Punishment of Sex Offences :
Remainder of title proceeding of the international colloquium organized and hosted by the swedish national section international association of penal law, held in stockholm, may 31 to june 3, 1978.
264 1# - PRODUCTION, PUBLICATION, DISTRIBUTION, MANUFACTURE, AND COPYRIGHT NOTICE
Place of production, publication, distribution, manufacture Place of publication not identified :
Name of producer, publisher, distributor, manufacturer Association Internationale de Droit :
-- érès,
Date of production, publication, distribution, manufacture, or copyright notice 1978.
300 ## - PHYSICAL DESCRIPTION
Extent 172 pages ;
Dimensions 22 cm.
336 ## - CONTENT TYPE
Source rda content
Content type term text
337 ## - MEDIA TYPE
Source rda media
Media type term Computer
338 ## - CARRIER TYPE
Source rda carrier
Carrier type term Online Resource
490 #0 - SERIES STATEMENT
Materials specified Nouvelles etudes penales
500 ## - GENERAL NOTE
General note Includes index.
650 1# - SUBJECT ADDED ENTRY--TOPICAL TERM
Topical term or geographic name entry element Criminal law
Source of heading or term qrmak
651 1# - SUBJECT ADDED ENTRY--GEOGRAPHIC NAME
Source of heading or term qrmak
856 40 - ELECTRONIC LOCATION AND ACCESS
Uniform Resource Identifier <a href="https://fll.law.cu.edu.eg/fulltext/bks/B10-09152.pdf">https://fll.law.cu.edu.eg/fulltext/bks/B10-09152.pdf</a>
905 ## - Cataloger and Reviser Names
Cataloger Name: Nora Khalil
942 ## - ADDED ENTRY ELEMENTS (KOHA)
Source of classification or shelving scheme Dewey Decimal Classification
Suppress in OPAC No
Koha item type Books
Edition 21
Holdings
Withdrawn status Lost status Source of classification or shelving scheme Damaged status Not for loan Collection Home library Current library Date acquired Total checkouts Full call number Barcode Date last seen Copy number Price effective from Koha item type
    Dewey Decimal Classification     القانون الجنائي جــــامعة القــاهرة مكتبة كلية الحقوق - المبنى الرئيسي 14.04.2026   Law1 10 343 CO . C 1978 1009152 C1 B10-09152 14.04.2026 1 14.04.2026 Books

© All rights reserved — Faculty of Law, Cairo University